Pays du monde sans lettre E (AVEC CARTE) - Statistiques

Statistiques générales
  • Ce quiz a été pris 1 098 fois
  • Le résultat moyen est 43 sur 62
Réponses sur la Carte
Les réponses sont colorées sur une échelle allant du rouge au vert en fonction du pourcentage des utilisateurs qui les ont devinées à leur premier essai. Vous pouvez retrouver ces pourcentages ci-dessous.
 
Statistiques - réponses
Pays % Correct
Canada
96%
Japon
89%
Maroc
89%
Portugal
87%
Chili
86%
Uruguay
85%
Paraguay
84%
Cuba
83%
Madagascar
82%
Irak
81%
Iran
80%
Kazakhstan
79%
Laos
79%
Oman
79%
Panama
78%
Togo
78%
Mali
77%
Pakistan
77%
Afghanistan
74%
Guyana
74%
Soudan
74%
Haïti
72%
Qatar
72%
Angola
71%
Soudan du Sud
71%
Tadjikistan
71%
Costa Rica
70%
Ghana
70%
Kosovo
70%
Fidji
69%
Honduras
69%
Bhoutan
68%
Kirghizistan
68%
Tchad
68%
Vatican
68%
Gabon
67%
Liban
67%
Nicaragua
67%
Bahamas
66%
Monaco
66%
Rwanda
66%
Kiribati
64%
Sri Lanka
64%
Djibouti
62%
Pays-Bas
62%
Tonga
62%
Tuvalu
62%
Vanuatu
62%
Burundi
60%
Nauru
60%
Samoa
60%
Botswana
59%
Ouganda
59%
Taïwan
59%
Palaos
58%
Salvador
58%
Saint-Marin
55%
Malawi
53%
Burkina Faso
52%
Singapour
49%
Salomon
48%
Myanmar
17%
Aucun quiz correspondant
Distribution des résultats
% des personnes avec chaque résultat
Percentile par nombre de réponses
Votre historique - résultats
Vous n’avez pas pris ce quiz